History Quiz

Random History or Famous Quiz

Notable Deaths (1962-2011) Quiz Stats

 Plays Quiz Updated Dec 15, 2011

Also try: In Memoriam: 2010
Challenge
Share
Tweet
Embed
Score 0/50 Timer 08:00
0 Plays Today
Clue Answer % Correct
Mickey MouseWalt Disney
88.2%
President IkeDwight Eisenhower
79.4%
Beatles GuitaristGeorge Harrison
77.6%
The DoorsJim Morrison
70.1%
Calcutta NunMother Teresa
68.7%
Chronicles NarniaC S Lewis
66.2%
Grunge SingerKurt Cobain
63.2%
Breakfast Tiffany'sAudrey Hepburn
62.8%
Blue EyesFrank Sinatra
62%
Bureau InvestigationJ. Edgar Hoover
60%
Godfather SoulJames Brown
59.6%
Wonka AuthorRoald Dahl
57.2%
Sexual HealingMarvin Gaye
54.3%
Ugandan DictatorIdi Amin
54.3%
Misfits ActressMarilyn Monroe
52.2%
Diff'rent StrokesGary Coleman
50.8%
Lady EllaElla Fitzgerald
49.3%
Think DifferentSteve Jobs
49.2%
Hammerstein PartnerRichard Rodgers
48.6%
Palestine LeaderYasir Arafat
48.5%
Blue PeriodPablo Picasso
45.7%
Hercule Poirot Agatha Christie
45.6%
Berlin AthleteJesse Owens
45.5%
Russian PresidentBoris Yeltsin
45.1%
Egyptian PresidentAnwar Sadat
44.3%
Clue Answer % Correct
Chess GrandmasterBobby Fischer
43.3%
Who DrummerKeith Moon
40.2%
American AviatorCharles Lindbergh
40.1%
Colts QuarterbackJohnny Unitas
39.8%
Charlie BrownCharles Schulz
39.8%
The CrucibleArthur Miller
38.4%
Electric GuitarLes Paul
37.4%
Shipping MagnateAristotle Onassis
34.7%
Bates MotelAnthony Perkins
34.1%
Space OdysseyStanley Kubrick
33.4%
Philippines CampaignDouglas MacArthur
32.7%
Wife ShoesFerdinand Marcos
32.7%
Pretty WomanRoy Orbison
32.5%
Marxist RevolutionaryChe Guevara
30.6%
Casablanca SpellboundIngrid Bergman
29.2%
Fine MessStan Laurel
26.2%
Jazz TrumpeterMiles Davis
26.1%
Cannery RowJohn Steinbeck
24.6%
Everest SherpaTenzing Norgay
21.4%
Israeli PoliticianYitzhak Rabin
21.1%
Sgt. BilkoPhil Silvers
21.1%
Lyricist PorgyIra Gershwin
20.4%
Spandau PrisonRudolf Hess
15.5%
African ActivistSteve Biko
13.5%
Heavyweight BoxerSonny Liston
12.7%

You're not logged in!

Compare scores with friends on all Sporcle quizzes.
Join for Free
OR
Log In

You Might Also Like...

Show Comments

Extras

Top Quizzes Today


Score Distribution

Your Account Isn't Verified!

In order to create a playlist on Sporcle, you need to verify the email address you used during registration. Go to your Sporcle Settings to finish the process.

Report this User

Report this user for behavior that violates our Community Guidelines.

Details: